000 01404cad a22002295a 4500
001 E149686
008 100408s2009 xxk f 000 0 eng d
035 _a(Sirsi) u149686
041 0 _aeng
110 2 _aEuropean Commission
_92292
245 0 4 _aThe European greenbuilding programme
_bpartner guidelines, version 2.2
_h[electronic resource]
260 _aIspra
_bEuropean Commission
_c2009
505 2 _aThe GreenBuilding Programme Objectives and Scope -- Responsibilities of participants in the GreenBuilding -- Benefits of participating in the GreenBuilding -- Further information
520 _aThe European Commission aims to promote energy efficiency and sustainability through initiatives under the "Intelligent Energy - Europe" programme. One of these initiatives is the voluntary GreenBuilding Programme (launched in January 2005), which is aimed at promoting energy efficiency in private and public non-residential buildings. This document sets out the basic framework and rules of the Programme.
521 _aAdvanced
590 _aKA
651 4 _aEurope
690 _aENVIRONMENTAL AND LAND CONSULTANCY-ENERGY-ENERGY USE-ENERGY EFFICIENCY
690 _aPROPERTY-COMMERCIAL PROPERTY
856 4 0 _uhttps://www.eu-greenbuilding.org/fileadmin/Greenbuilding/gb_redaktion/guidelines/GBP_Guidelines_v2-2s.pdf
_zView the guidelines free of charge at www.eu-greenbuilding.org
942 _n0
999 _c110599
_d110599